000 00791nas a2200241 4500
001 BR0808433
003 BR-BrBNA
005 20231205112855.0
007 ta
008 230509b bl.|||p| |||| 00| 00por d
040 _aBR-BrBNA
_bpor
_cBiblioteca Nacional de Agricultura
041 _a(En)
072 _aL50
100 1 _aCosta, D.S.
100 1 _aPaula, T.A.R.
245 1 _aTestosterone level, nasal gland volume and Leydig cell morphometry in capubaras (Hydrochoerus hydrochaeris)
650 _aCAPIVARA
650 _aFISIOLOGIA ANIMAL
650 _aTESTOSTERONA
773 0 _tArquivo Brasileiro de Medicina Veterinária e Zootecnia (Brazil)
_xISSN 0102-0935
_g(Dec 2006), v. 58(6) p. 1086-1091
_wBR0808433
909 _a202311
_bLúcia
_c55
_dLúcia Elande
942 _2AGRIS
_n0
_cANA
999 _c200514
_d200514